00469nam a2200169Ia 4500003000400000005001700004008004100021020001300062040002900075050002600104100005900130245002300189250001200212260002900224300002500253650002100278OSt20230315121536.0230105s9999||||xx |||||||||||||| ||und|| a72904437 cChuka University Library aSBL QE 28.2bP56 2001 aCharles C. Plummer, David mcGeary and Biane H. Carlson 0aPhysical geology / a8th ed. aBostonbMcGrawhillc2001 a578pbincludes index aphysical geology